Normal view
MARC view
- غازي، محمد عاصم محمد
Entry Personal Name
001 - CONTROL NUMBER
- control field: 59938
003 - CONTROL NUMBER IDENTIFIER
- control field: JO-AjAnu
005 - DATE AND TIME OF LATEST TRANSACTION
- control field: 20230606083810.0
008 - FIXED-LENGTH DATA ELEMENTS
- fixed length control field: 230606|| aca||aabn | a|a d
040 ## - CATALOGING SOURCE
- Original cataloging agency: JO-AjAnu
- Transcribing agency: JO-AjAnu
100 ## - HEADING--PERSONAL NAME
- Personal name: غازي، محمد عاصم محمد
670 ## - SOURCE DATA FOUND
- Source citation: Work cat.: (JO-AjAnu)30566: غازي، محمد عاصم محمد , author, تقنيات المناهج: طرق التدريس بين التخطيط والتطبيق العملي